000 01533nam a2200277Ia 4500
999 _c44971
_d44971
001 11792
003 GE_BSU
005 20240620170709.0
008 181216s2014||||ge |||||||||||||| ||geo||
020 _a9789941216350
040 _cGE_BSU
041 _ageo
080 _a27-36 წ–714
245 _aწმინდანთა კრებული /
_cშემდგ. კახაბერ კენკიშვილი.
264 _aთბილისი :
_bპალიტრა L,
_c2014.
300 _a200 გვ. ;
_c20 სმ.
490 _aსქართველოს იმედი : ყველა წმინდანი, რომელთა შესახებაც უნდა იცოდე, 2298-0547 / პროექტის რედ. თამარ მამაცაშვილი ;
_vწ. 48
500 _aიბეჭდება სრ. საქ. კათოლიკოს-პატრიარქის ილია II-ის ლოცვა-კურთხევით
541 _h3ლ.
653 _aწმინდანთა კრებული
653 _aღირსი მამის - ილარიონ დიდის ცხოვრება
653 _aღირსი მამა ქოზიბელი
653 _aწმინდა იაკობ სპარსის წამება
700 _aმამაცაშვილი, თამარ
_eპროექტის რედაქტორი
_922523
942 _cBK
_2udc